|
|
|
|
| LEADER |
00000nim a2200000 a 4500 |
| 001 |
vtls012229369 |
| 003 |
SK-MaSNL |
| 005 |
20260425222608.0 |
| 007 |
sd fsngnnmmnud |
| 008 |
230511s2023 xo nnnnfs f n slo |
| 020 |
|
|
|a 9788018111864
|q (zvuková kniha)
|
| 040 |
|
|
|a SNK
|b slo
|c SNK
|e AACR2
|
| 041 |
0 |
|
|a slo
|
| 044 |
|
|
|a xo
|c SK
|
| 072 |
|
7 |
|a 821.162.4
|x Slovenská literatúra
|2 konspekt
|
| 080 |
|
|
|a 821.162.4-31
|2 2011
|
| 080 |
|
|
|a 343.611-051
|2 2011
|
| 080 |
|
|
|a 343.9.02
|2 2011
|
| 080 |
|
|
|a 343.3/.7
|2 2011
|
| 080 |
|
|
|a (437.6)
|2 2011
|
| 080 |
|
|
|a (0:82-312.4)
|2 2011
|
| 080 |
|
|
|a (086.76)
|2 2001
|
| 100 |
1 |
|
|a Taragel, Dušan,
|d 1961-
|4 aut
|9 105688
|
| 245 |
1 |
0 |
|a Mafiánske balady
|h elektronický zdroj
|c Dušan Taragel ; číta: Peter Lejko
|
| 260 |
|
|
|a Levoča
|b Slovenská knižnica pre nevidiacich Mateja Hrebendu
|c 2023
|
| 300 |
|
|
|a 2 elektronické optické disky (CD-ROM)
|b digitálny, mono, MP3
|c 12cm
|
| 306 |
|
|
|a 233000
|
| 520 |
8 |
|
|a Hlavné postavy románu osudovo spojí mŕtvola, zahrabaná v lese a jej nález rozbehne reťazec udalostí, ktoré už nedokážu zastaviť. Kniha obsahuje sedem prekvapujúco spojených príbehov, nečakané dejové obraty, šokujúce pointy a zároveň intímny pohľad do života ľudí, ktorí si myslia, že páchať zlo sa im oplatí.
|
| 521 |
|
|
|a pre nevidiacich, slabozrakých a inak zdravotne postihnutých
|
| 650 |
0 |
7 |
|a vrahovia
|2 SNKPH
|9 4572
|
| 650 |
0 |
7 |
|a mafia
|2 SNKPH
|9 2675
|
| 650 |
0 |
7 |
|a organizovaná kriminalita
|2 SNKPH
|9 2186
|
| 651 |
|
7 |
|a Slovensko
|2 SNKPH
|9 14231
|
| 655 |
|
7 |
|a zvukové záznamy
|2 SNKPH
|9 70720
|
| 655 |
|
7 |
|a slovenské romány
|2 SNKPH
|9 70324
|
| 655 |
|
7 |
|a trilery (romány)
|2 SNKPH
|9 151146
|
| 655 |
|
7 |
|a detektívne romány
|2 SNKPH
|9 70455
|
| 655 |
|
7 |
|a CD-ROM
|2 SNKPH
|9 70236
|
| 700 |
1 |
|
|a Lejko, Peter
|4 nrt
|9 306861
|
| 752 |
|
|
|a Slovensko
|d Levoča
|
| 787 |
0 |
8 |
|i Podľa knihy:
|t Mafiánske balady
|d Bratislava : Vydavateľstvo Slovart, spol. s r.o., 2022
|z 978-80-556-5772-1
|
| 852 |
|
|
|a Slovenská národná knižnica
|
| 919 |
|
|
|a 978-80-18-11186-4
|
| 999 |
|
|
|c 562170
|d 564100
|
| 952 |
|
|
|a SNK
|b SNK
|y NEVYP
|7 1
|p 17A1563484
|o snkSCD 7109/1-2
|i snk2023/18133
|8 0
|z 1. CD
|0 0
|1 0
|4 0
|d 2025-01-16
|l 0
|r 2026-02-23 13:46:24
|w 2026-02-23
|
| 952 |
|
|
|a SNK
|b SNK
|y NEVYP
|7 1
|p 17A1563485
|o snkSCD 7109/1-2
|i snk2023/18133
|8 0
|z 2. CD
|0 0
|1 0
|4 0
|d 2025-01-16
|l 0
|r 2026-02-23 13:46:24
|w 2026-02-23
|